[Event "Torun op"]
[Site "Torun"]
[Date "2002.??.??"]
[Round "5"]
[White "Kubow, A."]
[Black "Basinski, Michal"]
[Result "1/2-1/2"]
[WhiteElo "1800"]
[BlackElo "1600"]
[PlyCount "56"]
[EventDate "2002.??.??"]
[EventType "swiss"]
[EventRounds "9"]
[EventCountry "POL"]
[SourceTitle "EXT 2007"]
[Source "ChessBase"]
[SourceDate "2006.11.23"]
[SourceVersion "1"]
[SourceVersionDate "2006.11.23"]
[SourceQuality "1"]

1. e4 c5 2. Nf3 Nc6 3. d4 cxd4 4. Nxd4 e6 5. Be3 d6 6. f4 Nf6 7. Nc3 Be7 8. Be2 0-0 9. 0-0 a6 10. Qe1 Qb6 11. Na4 Qc7 12. Nc3 Qb6 13. Rd1 Qc7 14. Qg3 Re8 15. Bf3 Bf8 16. Nxc6 bxc6 17. h4 d5 18. e5 Nd7 19. h5 Kh8 20. Kf2 f6 21. exf6 Nxf6 22. Bd4 Qf7 23. Bxf6 Qxf6 24. Qg5 Qxg5 25. fxg5 Rb8 26. b3 a5 27. g6 Bc5+ 28. Kg3 Bd6+ 1/2-1/2

[Event "Torun op"]
[Site "Torun"]
[Date "2002.??.??"]
[Round "8"]
[White "Walczak, Krystian"]
[Black "Kubow, A."]
[Result "0-1"]
[WhiteElo "1600"]
[BlackElo "1800"]
[PlyCount "100"]
[EventDate "2002.??.??"]
[EventType "swiss"]
[EventRounds "9"]
[EventCountry "POL"]
[SourceTitle "EXT 2007"]
[Source "ChessBase"]
[SourceDate "2006.11.23"]
[SourceVersion "1"]
[SourceVersionDate "2006.11.23"]
[SourceQuality "1"]

1. e4 e5 2. Nf3 Nc6 3. Bc4 Bc5 4. c3 d6 5. d4 exd4 6. cxd4 Bb4+ 7. Bd2 Bxd2+ 8. Nbxd2 Nf6 9. Qb3 0-0 10. 0-0 Qe7 11. Rfe1 Na5 12. Qb4 Nxc4 13. Qxc4 Bg4 14. Qd3 Rad8 15. h3 Bh5 16. Qa3 a6 17. e5 Ne8 18. exd6 Qxd6 19. Qxd6 Nxd6 20. Rad1 Rfe8 21. Rxe8+ Rxe8 22. Rc1 c6 23. Rc3 h6 24. Rb3 f6 25. g4 Bf7 26. Ra3 Nc4 27. Nxc4 Bxc4 28. Ra4 Bd5 29. Ra3 Re2 30. b4 Rxa2 31. Rxa2 Bxa2 32. Nh4 Bb1 33. f4 Kf7 34. f5 Ke7 35. Ng6+ Kd6 36. Nf4 b5 37. Kf2 Ba2 38. Kg3 Bd5 39. Kh4 Ke7 40. Kh5 Kf7 41. Nxd5 cxd5 42. Kh4 g6 43. Kg3 g5 44. Kf3 Ke7 45. Ke3 Kd6 46. Kd3 Kc6 47. Kc3 Kb6 48. Kb3 a5 49. Ka3 Ka6 50. bxa5 Kxa5 0-1